[Event "Scarborough CC Jack Frost"]
[Site "Toronto CAN"]
[Date "2010.02.11"]
[Round "6"]
[White "Luiting, Larry"]
[Black "Wu, Kevin"]
[Result "0-1"]
[WhiteElo "1702"]
[BlackElo "1917"]
[PlyCount "58"]
[EventDate "2010.01.07"]
[EventType "swiss"]
[EventRounds "6"]
[EventCountry "CAN"]

1. e4 c5 2. Nf3 d6 3. d4 cxd4 4. Nxd4 Nf6 5. Nc3 g6 6. Be3 Bg7 7. f3 O-O 8. Qd2
Nc6 9. O-O-O d5 10. exd5 Nxd5 11. Nxc6 bxc6 12. Bd4 e5 13. Bc5 Nxc3 14. Qxc3
Bh6+ 15. Be3 Bxe3+ 16. Qxe3 Qa5 17. Bc4 Ba6 18. Bb3 Rfd8 19. c3 Bb7 20. Rhe1
Rxd1+ 21. Rxd1 Qc7 22. Qd3 Rf8 23. Qd7 Qb6 24. Qe7 Qe3+ 25. Kb1 Ba6 26. Qd7 Be2
27. Rd2 c5 28. a3 c4 29. Bc2 Rb8 0-1

[Event "Scarborough CC Jack Frost"]
[Site "Toronto CAN"]
[Date "2010.02.11"]
[Round "6"]
[White "Manalo, Pepin"]
[Black "Huston, Scott"]
[Result "1-0"]
[WhiteElo "1808"]
[BlackElo "1598"]
[PlyCount "101"]
[EventDate "2010.01.07"]
[EventType "swiss"]
[EventRounds "6"]
[EventCountry "CAN"]

1. e4 c5 2. Nf3 d6 3. d4 cxd4 4. Nxd4 a6 5. c4 Nf6 6. Nc3 e5 7. Nb3 Be7 8. Be2
O-O 9. Be3 Be6 10. O-O Nbd7 11. Rc1 Rc8 12. Nd2 Nc5 13. b4 Ncd7 14. Nd5 h6 15.
f3 Bxd5 16. exd5 b5 17. Qb3 Nb6 18. Rfd1 bxc4 19. Nxc4 Nbxd5 20. Bf2 Nf4 21.
Bf1 Rb8 22. Nxe5 Qe8 23. Nc6 Rc8 24. Nxe7+ Qxe7 25. Rxc8 Rxc8 26. Bxa6 Ra8 27.
Bc4 d5 28. Bb5 Rb8 29. a4 Ne6 30. Re1 Qd6 31. Bg3 Nf4 32. Bf2 d4 33. Bg3 N6h5
34. Bxf4 Nxf4 35. g3 Ne6 36. Qc4 Ng5 37. Kg2 Qf6 38. Qd3 Kf8 39. h4 Ne6 40. Re4
Qg6 41. Qb3 Rc8 42. Bc4 Rc6 43. a5 Ke7 44. b5 Rc8 45. b6 Qf5 46. b7 Rb8 47.
Qb4+ Kd7 48. a6 Nc5 49. Rxd4+ Kc6 50. Bb5+ Kc7 51. Qa5# 1-0

[Event "Scarborough CC Jack Frost"]
[Site "Toronto CAN"]
[Date "2010.02.11"]
[Round "6"]
[White "Marcille, Gord"]
[Black "Mahoney, Ian"]
[Result "1-0"]
[WhiteElo "1827"]
[BlackElo "1570"]
[PlyCount "23"]
[EventDate "2010.01.07"]
[EventType "swiss"]
[EventRounds "6"]
[EventCountry "CAN"]

1. e4 e5 2. Nf3 Nc6 3. Nc3 Nf6 4. Bc4 Nxe4 5. Bxf7+ Kxf7 6. Nxe4 d5 7. Neg5+
Kg8 8. c3 e4 9. Nxe4 dxe4 10. Qb3+ Qd5 11. Qxd5+ Be6 12. Qxe6# 1-0

[Event "Scarborough CC Jack Frost"]
[Site "Toronto CAN"]
[Date "2010.02.11"]
[Round "6"]
[White "Mesiti, Silvano"]
[Black "Hahnewald, Uwe"]
[Result "0-1"]
[WhiteElo "1696"]
[BlackElo "1911"]
[PlyCount "116"]
[EventDate "2010.01.07"]
[EventType "swiss"]
[EventRounds "6"]
[EventCountry "CAN"]

1. e4 e5 2. Nf3 Nc6 3. Bc4 Bc5 4. O-O Nf6 5. Nc3 d6 6. h3 O-O 7. d3 h6 8. a3 a6
9. Be3 Ba7 10. Qc1 Be6 11. Ba2 Bxa2 12. Rxa2 Bxe3 13. fxe3 d5 14. exd5 Nxd5 15.
Ra1 Nce7 16. Nxe5 Nxc3 17. bxc3 f6 18. Ng4 Qd6 19. e4 Ng6 20. Qe3 Rae8 21.
Nxh6+ gxh6 22. Qxh6 Qc5+ 23. Kh1 Qg5 24. Qxg5 fxg5 25. g3 Kg7 26. Kg2 Ne5 27.
a4 a5 28. Rab1 b6 29. Ra1 Nd7 30. Rab1 Nc5 31. Ra1 Ne6 32. Rxf8 Rxf8 33. c4 Kg6
34. g4 Nf4+ 35. Kg3 Rh8 36. Rh1 Ne2+ 37. Kg2 Nc3 38. Ra1 Rf8 39. Ra3 Ne2 40.
Ra1 Nf4+ 41. Kg3 Rh8 42. Rh1 Ne2+ 43. Kg2 Nc3 44. Ra1 Re8 45. Ra3 Nd1 46. Ra2
Rf8 47. Kg1 Nc3 48. Ra1 Rf3 49. Kg2 Re3 50. Rf1 Re2+ 51. Rf2 Rxf2+ 52. Kxf2
Nxa4 53. Ke3 Nc5 54. Kd4 Ne6+ 55. Kc3 Nf4 56. d4 Nxh3 57. Kb3 Nf2 58. e5 Nxg4
0-1

[Event "Scarborough CC Jack Frost"]
[Site "Toronto CAN"]
[Date "2010.02.11"]
[Round "6"]
[White "Paterson, Jim"]
[Black "Krupka, David"]
[Result "1-0"]
[WhiteElo "1877"]
[BlackElo "2047"]
[PlyCount "89"]
[EventDate "2010.01.07"]
[EventType "swiss"]
[EventRounds "6"]
[EventCountry "CAN"]

1. e3 e5 2. c4 Nf6 3. Nc3 Bb4 4. Nf3 e4 5. Ng5 Bxc3 6. bxc3 h6 7. Nh3 d6 8. Nf4
O-O 9. d4 c5 10. Be2 Nc6 11. O-O b6 12. Qa4 Qd7 13. Qc2 Qf5 14. f3 exf3 15. Bd3
Qg5 16. Rxf3 Bg4 17. Rf2 Ne8 18. Be4 Bd7 19. Bd2 Qe7 20. Bd5 Nf6 21. Ng6 Qd8
22. Nxf8 Qxf8 23. Raf1 Nxd5 24. cxd5 Nd8 25. c4 Qe7 26. dxc5 bxc5 27. e4 f6 28.
Bc3 Nf7 29. Qd3 Ne5 30. Qg3 Kh8 31. Bxe5 dxe5 32. Qh4 Rf8 33. g4 Rb8 34. g5
fxg5 35. Qg3 Rb4 36. Rf7 Qd6 37. Rf8+ Kh7 38. Qf2 Rxc4 39. Qf7 Bg4 40. Qg8+ Kg6
41. R8f7 Rxe4 42. Rxg7+ Kh5 43. Rxg5+ hxg5 44. Qh7+ Qh6 45. Qxe4 1-0

[Event "Scarborough CC Jack Frost"]
[Site "Toronto CAN"]
[Date "2010.02.11"]
[Round "6"]
[White "Peng, Bill"]
[Black "Casareno, Erwin"]
[Result "1-0"]
[WhiteElo "2138"]
[BlackElo "2204"]
[PlyCount "55"]
[EventDate "2010.01.07"]
[EventType "swiss"]
[EventRounds "6"]
[EventCountry "CAN"]

1. e4 g6 2. Nc3 Bg7 3. g3 Nc6 4. Bg2 d6 5. Nge2 e5 6. O-O Be6 7. Nd5 Qd7 8. c3
O-O-O 9. b4 Bh3 10. b5 Na5 11. Qa4 Bxg2 12. Kxg2 b6 13. Ba3 c5 14. Bb4 Nc4 15.
Bxc5 Nxd2 16. Bxb6 Nxf1 17. Rxf1 Qb7 18. Qc4+ Kd7 19. Qc6+ Qxc6 20. bxc6+ Kc8
21. Bxd8 Kxd8 22. Rb1 Kc8 23. Rb7 Nf6 24. Ne7+ Kd8 25. c7+ Kxe7 26. c8=Q+ Nd7
27. Qxd7+ Kf6 28. Qe7# 1-0

[Event "Scarborough CC Jack Frost"]
[Site "Toronto CAN"]
[Date "2010.02.11"]
[Round "6"]
[White "Song, Michael"]
[Black "Ferreira, Alex"]
[Result "1-0"]
[WhiteElo "1849"]
[BlackElo "2060"]
[PlyCount "120"]
[EventDate "2010.01.07"]
[EventType "swiss"]
[EventRounds "6"]
[EventCountry "CAN"]

1. c4 d5 2. cxd5 Nf6 3. Nc3 Nxd5 4. g3 Nxc3 5. bxc3 c6 6. Bg2 e5 7. Nf3 Bd6 8.
O-O Bf5 9. Re1 O-O 10. e4 Bg4 11. h3 Bxf3 12. Qxf3 Qf6 13. Qxf6 gxf6 14. d4 Nd7
15. Bb2 Nb6 16. Bf1 Na4 17. Rab1 a6 18. c4 b5 19. d5 Bb4 20. Red1 Nxb2 21. Rxb2
Bc3 22. Rc2 b4 23. dxc6 Rfd8 24. Rcc1 Bd4 25. c5 a5 26. Bc4 Rdc8 27. Bd5 Rab8
28. Kf1 a4 29. Rc4 Rb5 30. Rdc1 b3 31. Rxa4 b2 32. Rb1 Rxc5 33. Rxd4 exd4 34.
Rxb2 f5 35. Rd2 fxe4 36. Rxd4 Rxd5 37. Rxd5 Rxc6 38. a4 Rc2 39. a5 Ra2 40. Re5
f6 41. Rxe4 Rxa5 42. Re7 Ra2 43. Kg2 Ra3 44. g4 Ra5 45. Kg3 h5 46. f3 hxg4 47.
hxg4 Kf8 48. Rb7 Ra4 49. f4 Rc4 50. f5 Ra4 51. Kh4 Rc4 52. Kh5 Ra4 53. Kg6
Rxg4+ 54. Kxf6 Ke8 55. Rg7 Re4 56. Rg8+ Kd7 57. Kf7 Rf4 58. f6 Rf1 59. Rg2 Kd6
60. Re2 Kd7 1-0

[Event "Scarborough CC Jack Frost"]
[Site "Toronto CAN"]
[Date "2010.02.11"]
[Round "6"]
[White "Southam, David"]
[Black "Moffat, Andrei"]
[Result "0-1"]
[WhiteElo "2158"]
[BlackElo "2262"]
[PlyCount "67"]
[EventDate "2010.01.07"]
[EventType "swiss"]
[EventRounds "6"]
[EventCountry "CAN"]

1. d4 d5 2. Nf3 Nc6 3. g3 Bf5 4. c3 Qd7 5. Bg2 Bh3 6. O-O h5 7. b4 h4 8. Nbd2
hxg3 9. fxg3 Bxg2 10. Kxg2 Qh3+ 11. Kg1 Nf6 12. Re1 Ne4 13. Nf1 e6 14. Ng5 Nxg5
15. Bxg5 Bd6 16. e4 dxe4 17. Rxe4 Bxg3 18. Qe2 Bd6 19. b5 Ne7 20. c4 Rh5 21.
Bf4 Bxf4 22. Rxf4 Rg5+ 23. Kh1 Ng6 24. Rf2 O-O-O 25. Rd1 Rf5 26. Ng3 Rxf2 27.
Qxf2 Qg4 28. Rd2 f6 29. a4 Nf4 30. a5 e5 31. d5 b6 32. axb6 axb6 33. c5 Rxd5
34. Ne4 0-1

[Event "Scarborough CC Jack Frost"]
[Site "Toronto CAN"]
[Date "2010.02.11"]
[Round "6"]
[White "Verde, Pino"]
[Black "Al Ganabi, Haqi"]
[Result "1-0"]
[WhiteElo "1824"]
[BlackElo "1990"]
[PlyCount "39"]
[EventDate "2010.01.07"]
[EventType "swiss"]
[EventRounds "6"]
[EventCountry "CAN"]

1. e4 e6 2. d3 d5 3. Nd2 Nf6 4. Ngf3 dxe4 5. dxe4 Bc5 6. Be2 Bxf2+ 7. Kxf2 Ng4+
8. Kg1 Ne3 9. Qe1 Nxc2 10. Qg3 Nxa1 11. Qxg7 Rf8 12. b3 f6 13. Ba3 Nd7 14. Ng5
Ne5 15. Bh5+ Ng6 16. Qxf8+ Kd7 17. Qf7+ Kc6 18. Nxe6 Qxd2 19. Qxc7+ Kb5 20.
Qc5+ 1-0

[Event "Scarborough CC Jack Frost"]
[Site "Toronto CAN"]
[Date "2010.02.11"]
[Round "6"]
[White "Yuan, Yuanling"]
[Black "Wu, Aaron"]
[Result "1-0"]
[WhiteElo "2324"]
[BlackElo "1990"]
[PlyCount "75"]
[EventDate "2010.01.07"]
[EventType "swiss"]
[EventRounds "6"]
[EventCountry "CAN"]

1. e4 e5 2. Nf3 Nc6 3. Bb5 a6 4. Ba4 Nf6 5. O-O b5 6. Bb3 d6 7. Ng5 d5 8. exd5
Nd4 9. d3 Bd6 10. c4 O-O 11. Nc3 Bf5 12. Nge4 bxc4 13. Nxd6 cxb3 14. Nxf5 Nxf5
15. Qxb3 Qd6 16. Ne4 Qb6 17. Qxb6 cxb6 18. Nxf6+ gxf6 19. Be3 Rfd8 20. Bxb6
Rxd5 21. a4 Rxd3 22. Rfd1 Rb3 23. Bd8 Rxb2 24. Bxf6 Re8 25. Re1 h6 26. Bxe5 Rb4
27. Bc3 Rxe1+ 28. Bxe1 Rc4 29. a5 Nd6 30. Rd1 Rc6 31. g3 Kg7 32. Kg2 Kf6 33.
Bd2 Kg6 34. Bf4 Nc4 35. Rd5 Na3 36. h4 Nc2 37. h5+ Kg7 38. Bd2 1-0

[Event "Scarborough CC Jack Frost"]
[Site "Toronto CAN"]
[Date "2010.02.11"]
[Round "6"]
[White "Yusuf, Magas"]
[Black "Rapoport, Alexander"]
[Result "1/2-1/2"]
[WhiteElo "1614"]
[BlackElo "1855"]
[PlyCount "75"]
[EventDate "2010.01.07"]
[EventType "swiss"]
[EventRounds "6"]
[EventCountry "CAN"]

1. d4 d5 2. c4 e6 3. Nc3 f5 4. Nf3 Nf6 5. g3 c6 6. cxd5 exd5 7. Bg2 Bd6 8. O-O
O-O 9. Ne5 Qe8 10. f4 Nbd7 11. Qb3 Nb6 12. e4 fxe4 13. Nxe4 Nxe4 14. Bxe4 Be6
15. Bg2 Rb8 16. Bd2 Nc4 17. Bb4 Bxb4 18. Qxb4 Ne3 19. Rf2 Bf5 20. Qc3 Nxg2 21.
Rxg2 Be4 22. Re2 Rc8 23. b4 Qh5 24. Rae1 g5 25. g4 Qh6 26. Qb3 Kg7 27. f5 Qd6
28. a3 b6 29. Qe3 h6 30. Qc3 Rc7 31. Rc1 Rfc8 32. Qb2 Kh7 33. Rf2 c5 34. f6
cxd4 35. Rxc7+ Qxc7 36. Qxd4 Qc3 37. Qxc3 Rxc3 38. Rf1 1/2-1/2

[Event "Scarborough CC Jack Frost"]
[Site "Toronto CAN"]
[Date "2010.02.11"]
[Round "6"]
[White "Zhou, Kevin"]
[Black "Moran-Venegas, Mario"]
[Result "1-0"]
[WhiteElo "1903"]
[BlackElo "1634"]
[PlyCount "44"]
[EventDate "2010.01.07"]
[EventType "swiss"]
[EventRounds "6"]
[EventCountry "CAN"]

1. e4 e5 2. Nf3 Nc6 3. Bb5 a6 4. Ba4 Nf6 5. O-O Be7 6. Re1 b5 7. Bb3 O-O 8. c3
d5 9. exd5 Nxd5 10. Nxe5 Nxe5 11. Rxe5 c6 12. Bxd5 cxd5 13. d4 Bd6 14. Re1 Qh4
15. g3 Qh3 16. Qf3 Ra7 17. Bf4 Be7 18. Nd2 g5 19. Rxe7 Rxe7 20. Bd6 Rfe8 21.
Bxe7 Rxe7 22. Qf6 Kf8 1-0

[Event "Scarborough CC Jack Frost U1700"]
[Site "Toronto CAN"]
[Date "2010.01.07"]
[Round "1"]
[White "Al Ganabi, Yasir"]
[Black "Veecock, Carl"]
[Result "1-0"]
[WhiteElo "1316"]
[BlackElo "1544"]
[PlyCount "93"]
[EventDate "2010.01.07"]
[EventType "swiss"]
[EventRounds "6"]
[EventCountry "CAN"]

1. e4 c6 2. Nf3 d5 3. exd5 Qxd5 4. Nc3 Qd8 5. Bc4 e6 6. O-O Nf6 7. d4 Be7 8.
Re1 O-O 9. Bf4 Bb4 10. Qd3 Nd5 11. Bxd5 exd5 12. Ng5 g6 13. a3 Bf5 14. Qg3 Bxc3
15. Qxc3 Nd7 16. Bd6 Re8 17. Rxe8+ Qxe8 18. Re1 Qd8 19. Re7 Be6 20. Nxe6 fxe6
21. Qf3 Qf8 22. Rxd7 Qxf3 23. gxf3 b5 24. Bc7 a6 25. Rd8+ Rxd8 26. Bxd8 Kf7 27.
Bb6 Kf6 28. Kg2 e5 29. Kg3 Kf5 30. c3 e4 31. fxe4+ Kxe4 32. h4 h5 33. Bc5 Kd3
34. Kf4 Kc2 35. b4 Kxc3 36. Kg5 Kb3 37. Kxg6 Kxa3 38. Kxh5 a5 39. bxa5+ Ka4 40.
a6 b4 41. a7 b3 42. a8=Q+ Kb5 43. Qb7+ Kc4 44. Qb4+ Kd3 45. Qxb3+ Ke4 46. Qe3+
Kf5 47. Qe5# 1-0

[Event "Scarborough CC Jack Frost U1700"]
[Site "Toronto CAN"]
[Date "2010.01.07"]
[Round "1"]
[White "Al Ganabi, Zaidun"]
[Black "Muir, Tom"]
[Result "1-0"]
[WhiteElo "1420"]
[BlackElo "1584"]
[PlyCount "69"]
[EventDate "2010.01.07"]
[EventType "swiss"]
[EventRounds "6"]
[EventCountry "CAN"]

1. d4 d5 2. c4 c6 3. e3 Nf6 4. Nc3 Bf5 5. Nf3 dxc4 6. Bxc4 e6 7. O-O Bd6 8. Re1
Ne4 9. Nxe4 Bxe4 10. Bd3 Bxd3 11. Qxd3 Nd7 12. e4 e5 13. Be3 O-O 14. Rad1 Bc7
15. Qb3 Qc8 16. dxe5 Nxe5 17. Bd4 Re8 18. Ng5 h6 19. Bxe5 hxg5 20. Bxc7 Qxc7
21. Rd3 c5 22. Qa4 a6 23. a3 b5 24. Qc2 c4 25. Rd5 Re5 26. Red1 Rae8 27. Rd7
Qa5 28. f3 f5 29. Qf2 R5e7 30. Qd4 fxe4 31. Qd5+ Kh8 32. Qxg5 Rxd7 33. Qh5+ Kg8
34. Qxe8+ Kh7 35. Qxd7 1-0

[Event "Scarborough CC Jack Frost U1700"]
[Site "Toronto CAN"]
[Date "2010.01.07"]
[Round "1"]
[White "Douglas, Steven"]
[Black "Dattani, Dinesh"]
[Result "0-1"]
[WhiteElo "1546"]
[BlackElo "1406"]
[PlyCount "76"]
[EventDate "2010.01.07"]
[EventType "swiss"]
[EventRounds "6"]
[EventCountry "CAN"]

1. e4 e5 2. f4 Nc6 3. Nf3 d6 4. Bc4 Bg4 5. O-O Qe7 6. d3 Nd4 7. Nbd2 O-O-O 8.
c3 Nc6 9. f5 f6 10. Qa4 Bh5 11. b4 Kb8 12. b5 d5 13. bxc6 dxc4 14. Nxc4 Qc5+
15. Be3 Qxc6 16. Qxa7+ Kc8 17. Bb6 Rxd3 18. Na5 Qxb6+ 19. Qxb6 cxb6 20. Nc4
Bc5+ 21. Kh1 Rxc3 22. Nfd2 Bf7 23. Nb2 Rc2 24. Na4 Rxd2 25. Rac1 Ne7 26. Nxc5
bxc5 27. Rxc5+ Nc6 28. Rfc1 Kc7 29. a3 Ra2 30. Ra5 Kb6 31. Rac5 Rd8 32. R5c3
Rdd2 33. Rg3 g6 34. Rb1+ Rab2 35. Ra1 Re2 36. Rh3 h5 37. fxg6 Bxg6 38. Rf1 Bxe4
0-1

[Event "Scarborough CC Jack Frost U1700"]
[Site "Toronto CAN"]
[Date "2010.01.07"]
[Round "1"]
[White "Karpik, Steve"]
[Black "Liu, Jiaxin (Dora)"]
[Result "1/2-1/2"]
[WhiteElo "1510"]
[BlackElo "1238"]
[PlyCount "113"]
[EventDate "2010.01.07"]
[EventType "swiss"]
[EventRounds "6"]
[EventCountry "CAN"]

1. Nf3 Nf6 2. c4 Nc6 3. g3 d6 4. Bg2 Bd7 5. O-O e6 6. Nc3 Be7 7. a3 a5 8. d4
O-O 9. e4 h6 10. d5 Na7 11. Nd4 c5 12. Nf3 Rb8 13. b4 b6 14. b5 Re8 15. Nh4 Bf8
16. f4 exd5 17. exd5 Bg4 18. Qd3 Qc7 19. Bd2 Re7 20. Rae1 Rbe8 21. Rxe7 Rxe7
22. h3 Bd7 23. Re1 Rxe1+ 24. Bxe1 Be7 25. Qe3 Qd8 26. Ne4 Nxe4 27. Qxe4 Nc8 28.
Nf5 Bxf5 29. Qxf5 Bf6 30. Qe4 Bd4+ 31. Bf2 Bxf2+ 32. Kxf2 Ne7 33. f5 Qd7 34. g4
Kh8 35. Bf1 Ng8 36. Bd3 Nf6 37. Qe3 Qe8 38. Qxe8+ Nxe8 39. a4 Kg8 40. Kf3 Kf8
41. Kf4 Ke7 42. h4 Nf6 43. Be2 Nh7 44. g5 hxg5+ 45. hxg5 Kd7 46. Bd3 Nf8 47.
Kg4 Ke7 48. Kf4 Nd7 49. Bf1 Ne5 50. Be2 Kd7 51. Bf1 Ke7 52. Be2 f6 53. g6 Kd7
54. Bf1 Ke8 55. Be2 Kf8 56. Bf1 Ke8 57. Be2 1/2-1/2

[Event "Scarborough CC Jack Frost U1700"]
[Site "Toronto CAN"]
[Date "2010.01.07"]
[Round "1"]
[White "Pishdad, Hassan"]
[Black "Wang, Jason"]
[Result "1-0"]
[WhiteElo "1442"]
[BlackElo "1080"]
[PlyCount "47"]
[EventDate "2010.01.07"]
[EventType "swiss"]
[EventRounds "6"]
[EventCountry "CAN"]

1. e4 c5 2. Nc3 Nc6 3. Nf3 Nf6 4. d4 cxd4 5. Nxd4 Nxd4 6. Qxd4 d6 7. Bg5 e5 8.
Qa4+ Bd7 9. Bb5 Bxb5 10. Qxb5+ Qd7 11. Bxf6 gxf6 12. Qxd7+ Kxd7 13. O-O-O Rg8
14. g3 f5 15. Nd5 Be7 16. exf5 Bg5+ 17. Kb1 Kc6 18. h3 Bd8 19. Nb4+ Kd7 20.
Rhe1 Ba5 21. c3 Bxb4 22. cxb4 Rac8 23. Rxe5 Rc1+ 24. Kxc1 1-0

[Event "Scarborough CC Jack Frost U1700"]
[Site "Toronto CAN"]
[Date "2010.01.07"]
[Round "1"]
[White "Rogers, Michael"]
[Black "Yie, Kevin"]
[Result "1/2-1/2"]
[WhiteElo "1450"]
[BlackElo "1068"]
[PlyCount "61"]
[EventDate "2010.01.07"]
[EventType "swiss"]
[EventRounds "6"]
[EventCountry "CAN"]

1. e4 c5 2. Nf3 d6 3. d4 cxd4 4. Nxd4 a6 5. Nc3 Nf6 6. Bg5 Nbd7 7. f4 e5 8. Nf3
Be7 9. Qd2 h6 10. Bh4 b5 11. O-O-O Bb7 12. g4 Nxe4 13. Nxe4 Bxe4 14. Bxe7 Qxe7
15. Qe3 Bxf3 16. Qxf3 O-O 17. Bd3 Nc5 18. Be4 Nxe4 19. Qxe4 Rfc8 20. h4 Qc7 21.
Rd2 Qc6 22. Qxc6 Rxc6 23. fxe5 dxe5 24. Re1 f6 25. g5 hxg5 26. hxg5 Re8 27.
gxf6 gxf6 28. Rd7 Kf8 29. Rh1 Kg8 30. Rhh7 Rec8 31. Rdg7+ 1/2-1/2

[Event "Scarborough CC Jack Frost U1700"]
[Site "Toronto CAN"]
[Date "2010.01.07"]
[Round "1"]
[White "Smith, Maurice"]
[Black "Graham, John"]
[Result "1-0"]
[WhiteElo "1647"]
[BlackElo "1438"]
[PlyCount "54"]
[EventDate "2010.01.07"]
[EventType "swiss"]
[EventRounds "6"]
[EventCountry "CAN"]

1. e4 e5 2. Nf3 Nc6 3. Bb5 d6 4. O-O Bd7 5. c3 Nge7 6. d4 Bg4 7. d5 a6 8. Be2
Nb8 9. Bg5 Nd7 10. Nbd2 f6 11. Be3 c6 12. c4 c5 13. h3 Bh5 14. Re1 f5 15. Bg5
Nf6 16. Bxf6 gxf6 17. Qa4+ Kf7 18. Nxe5+ fxe5 19. Bxh5+ Kg7 20. Qb3 Qd7 21.
exf5 Nxf5 22. Bg4 Qf7 23. Bxf5 Qxf5 24. Qxb7+ Be7 25. Qxe7+ Qf7 26. Qxd6 Rhe8
27. Qxc5 Kh8 1-0

[Event "Scarborough CC Jack Frost U1700"]
[Site "Toronto CAN"]
[Date "2010.01.07"]
[Round "1"]
[White "Vora, Hanz"]
[Black "Super, Russell"]
[Result "1-0"]
[WhiteElo "1178"]
[BlackElo "1474"]
[PlyCount "77"]
[EventDate "2010.01.07"]
[EventType "swiss"]
[EventRounds "6"]
[EventCountry "CAN"]

1. e4 c5 2. Nf3 e6 3. d4 cxd4 4. Nxd4 Nc6 5. Nc3 Nf6 6. Nb3 d6 7. Bd3 Be7 8.
O-O O-O 9. Be3 a6 10. h3 Qc7 11. Qd2 Bd7 12. f4 b5 13. a3 Rac8 14. Kh1 Qb7 15.
Rae1 Nh5 16. Rf3 f5 17. exf5 exf5 18. a4 b4 19. Nd5 Nf6 20. Nxf6+ Bxf6 21. Rb1
Nd8 22. Bd4 Bxd4 23. Nxd4 Qb6 24. Qe3 Bxa4 25. Bxf5 Rc4 26. Be6+ Nxe6 27. Qxe6+
Kh8 28. Qxc4 a5 29. Ne6 Re8 30. Re1 Bb5 31. Qa2 a4 32. Rfe3 Qb8 33. Nd4 Bd7 34.
Rxe8+ Bxe8 35. Qe6 Bg6 36. f5 Bh5 37. g4 Qb7+ 38. Kg1 Bf7 39. Qe8+ 1-0

[Event "Scarborough CC Jack Frost U1700"]
[Site "Toronto CAN"]
[Date "2010.01.07"]
[Round "1"]
[White "Walker, John"]
[Black "Vyravanathan, Sobiga"]
[Result "1-0"]
[WhiteElo "1459"]
[BlackElo "1116"]
[PlyCount "117"]
[EventDate "2010.01.07"]
[EventType "swiss"]
[EventRounds "6"]
[EventCountry "CAN"]

1. d4 d5 2. Nf3 Nc6 3. e3 Nf6 4. Nbd2 Bg4 5. a3 a6 6. Bd3 e5 7. dxe5 Nxe5 8.
Be2 Bd6 9. b3 O-O 10. Bb2 Re8 11. O-O Qe7 12. h3 Bh5 13. Nxe5 Bxe2 14. Qxe2
Bxe5 15. Bxe5 Qxe5 16. Nf3 Qd6 17. Rfd1 Qc6 18. Nd4 Qb6 19. Qf3 Ne4 20. Nf5
Rad8 21. Qg4 Qg6 22. Qxg6 hxg6 23. Nd4 Nc3 24. Rd3 Ne4 25. Rad1 Rd7 26. Ne2
Red8 27. c4 c6 28. cxd5 cxd5 29. Nf4 Nf6 30. g4 g5 31. Nh5 Ne4 32. b4 g6 33.
Ng3 Nxg3 34. fxg3 Kg7 35. Rd4 Kf8 36. e4 Re8 37. exd5 Re3 38. R4d3 Re5 39. d6
f6 40. Rc3 Re8 41. Rc7 Rxc7 42. dxc7 Rc8 43. Rd8+ Rxd8 44. cxd8=Q+ Kf7 45. Qc7+
Ke6 46. Kf2 b5 47. Ke3 Kd5 48. Qb7+ Ke5 49. Qxa6 Kd5 50. Qxb5+ Ke6 51. Qc6+ Ke5
52. b5 f5 53. gxf5 gxf5 54. b6 f4+ 55. gxf4+ gxf4+ 56. Kf3 Kd4 57. b7 Ke5 58.
b8=Q+ Kd4 59. Qbd6# 1-0

[Event "Scarborough CC Jack Frost U1700"]
[Site "Toronto CAN"]
[Date "2010.01.14"]
[Round "2"]
[White "Al Ganabi, Zaidun"]
[Black "Smith, Maurice"]
[Result "1-0"]
[WhiteElo "1420"]
[BlackElo "1647"]
[PlyCount "43"]
[EventDate "2010.01.07"]
[EventType "swiss"]
[EventRounds "6"]
[EventCountry "CAN"]

1. d4 Nf6 2. c4 c5 3. e3 cxd4 4. exd4 d5 5. Nc3 Nc6 6. Nf3 Bg4 7. cxd5 Nxd4 8.
Qxd4 Bxf3 9. gxf3 g6 10. Bb5+ Nd7 11. Qxh8 a6 12. Bxd7+ Qxd7 13. Bh6 O-O-O 14.
Bxf8 Qf5 15. Ne4 Qxf3 16. Qc3+ Qxc3+ 17. Nxc3 Rxf8 18. O-O-O Kc7 19. Rhe1 Kd7
20. Re4 f5 21. Re2 Rf7 22. Na4 1-0

[Event "Scarborough CC Jack Frost U1700"]
[Site "Toronto CAN"]
[Date "2010.01.14"]
[Round "2"]
[White "Dattani, Dinesh"]
[Black "Pishdad, Hassan"]
[Result "0-1"]
[WhiteElo "1407"]
[BlackElo "1442"]
[PlyCount "68"]
[EventDate "2010.01.07"]
[EventType "swiss"]
[EventRounds "6"]
[EventCountry "CAN"]

1. e4 c5 2. Nf3 Nc6 3. d4 cxd4 4. Nxd4 e5 5. Nf3 Nf6 6. Bg5 Be7 7. Nc3 O-O 8.
Nd5 Nxe4 9. Bxe7 Nxe7 10. Nxe7+ Qxe7 11. c3 Qc5 12. Qc2 Nf6 13. Bd3 Re8 14. Nd2
d5 15. O-O e4 16. Be2 Bf5 17. Nb3 Qb6 18. Nd4 Re5 19. Qb3 Qc7 20. f4 exf3 21.
Bxf3 Be4 22. Rae1 Bxf3 23. Rxe5 Qxe5 24. Nxf3 Qe3+ 25. Kh1 Re8 26. h3 Ne4 27.
Kh2 Qf4+ 28. Kg1 Ng3 29. Qb5 Ne2+ 30. Kh1 Re3 31. Qxd5 Ng3+ 32. Kg1 g6 33. Rf2
Ne2+ 34. Kf1 Ng3+ 0-1

[Event "Scarborough CC Jack Frost U1700"]
[Site "Toronto CAN"]
[Date "2010.01.14"]
[Round "2"]
[White "Muir, Tom"]
[Black "Graham, John"]
[Result "1/2-1/2"]
[WhiteElo "1584"]
[BlackElo "1438"]
[PlyCount "91"]
[EventDate "2010.01.07"]
[EventType "swiss"]
[EventRounds "6"]
[EventCountry "CAN"]

1. e4 e5 2. Nf3 Nc6 3. Bb5 d6 4. h3 Bd7 5. O-O Nge7 6. d4 Ng6 7. Nc3 f5 8. exf5
Bxf5 9. dxe5 dxe5 10. Bg5 Be7 11. Bxe7 Qxe7 12. Re1 O-O 13. Bxc6 bxc6 14. Qe2
Rae8 15. Qc4+ Qe6 16. Qxe6+ Rxe6 17. Ne4 Bxh3 18. Nfg5 Re7 19. Nxh3 h6 20. Rad1
Ref7 21. Nc5 Nf4 22. Nxf4 exf4 23. Nd7 Rc8 24. Kf1 Kh8 25. Ne5 Rf6 26. Rd7 Rb8
27. b3 Rb7 28. Nc4 Rb5 29. Ree7 Rh5 30. Rxg7 Re6 31. g3 f3 32. Rh7+ Kg8 33.
Rhg7+ Kh8 34. Rh7+ Kg8 35. Rdg7+ Kf8 36. Rf7+ Kg8 37. Rxh6 Rhxh6 38. Rxf3 Rh1+
39. Kg2 Ree1 40. Re3 Reg1+ 41. Kf3 Rh6 42. Nd2 Rf6+ 43. Ke2 Kf8 44. Ne4 Rf5 45.
Rc3 c5 46. Rxc5 1/2-1/2

[Event "Scarborough CC Jack Frost U1700"]
[Site "Toronto CAN"]
[Date "2010.01.14"]
[Round "2"]
[White "Super, Russell"]
[Black "Wang, Jason"]
[Result "0-1"]
[WhiteElo "1474"]
[BlackElo "1080"]
[PlyCount "62"]
[EventDate "2010.01.07"]
[EventType "swiss"]
[EventRounds "6"]
[EventCountry "CAN"]

1. e4 c5 2. Nf3 Nc6 3. d4 cxd4 4. Nxd4 Nf6 5. Nc3 a6 6. Be2 e6 7. Nb3 h6 8. a3
d5 9. exd5 exd5 10. Be3 Be7 11. O-O O-O 12. h3 Be6 13. Bf3 a5 14. Qd2 a4 15.
Nd4 Nxd4 16. Qxd4 Qd7 17. g4 Rfc8 18. Be2 Bc5 19. Qf4 d4 20. Rfd1 Rd8 21. Nb5
Nd5 22. Qe5 dxe3 23. Nc3 exf2+ 24. Kh1 Qc6 25. Bf3 Qd6 26. Qh5 Qg3 27. Bxd5
Bxd5+ 28. Nxd5 Qf3+ 29. Kh2 Bd6+ 30. Qe5 Bxe5+ 31. Nf4 Bxf4# 0-1

[Event "Scarborough CC Jack Frost U1700"]
[Site "Toronto CAN"]
[Date "2010.01.14"]
[Round "2"]
[White "Vyravanathan, Sobiga"]
[Black "Douglas, Steve"]
[Result "1-0"]
[WhiteElo "1116"]
[BlackElo "1546"]
[PlyCount "53"]
[EventDate "2010.01.07"]
[EventType "swiss"]
[EventRounds "6"]
[EventCountry "CAN"]

1. e4 g6 2. d4 Bg7 3. Nf3 d6 4. Nc3 Nd7 5. Be2 c5 6. Be3 cxd4 7. Bxd4 e5 8. Be3
Ngf6 9. O-O O-O 10. Re1 Ng4 11. Bg5 f6 12. Bd2 Qb6 13. Rf1 Qxb2 14. Nb5 Nc5 15.
Nxd6 Be6 16. Bc4 Bxc4 17. Nxc4 Qb5 18. Na3 Qc6 19. Bb4 Rfd8 20. Qe2 Nxe4 21. h3
Ngxf2 22. Rxf2 Nxf2 23. Qxf2 Qa4 24. Qc5 Bf8 25. Qc4+ Kh8 26. Bxf8 Rxf8 27.
Qxa4 1-0